000 00695cam a2200253 a 4500
001 000009433
005 20200929161607.0
008 970130s1997 mx 000 f spa d
020 _a9681903285
035 _a(DLC) 97109959
035 _a(NIC)notisAPA9252
035 _a(CStRLIN)NYCXAPA9252-B
040 _aDO-SdBNP
_bspa
_cLC
_dBNPHU
082 _aU863.44
_bB462a
100 1 _aBenedetti, Mario,
_d1920-2009.
_911959
245 1 0 _aAndamios /
_cMario Benedetti.
260 _aMéxico :
_bAlfaguara,
_c1997.
300 _a349 p. ;
_c21 cm.
650 4 _aNovela uruguaya
_95679
650 4 _aLiteratura uruguaya
_93054
910 _aCatalogación derivada
910 _aWM
049 _aBNGR
999 _c9193
_d9193